Survivor Winners and Location Trivia - Statistics

General Stats
  • This quiz has been taken 24 times
    21 since last reset
  • The average score is 57 of 75
Answer Stats
# Hint Country % Correct
2 The ____ Outback Australia
100%
5 ________ Thailand
100%
6 The Amazon Brazil
94%
Brian Heidik
94%
Ethan Zohn
94%
3 Africa Kenya
94%
Richard Hatch
94%
Sandra Diaz-Twine
94%
Tina Wesson
94%
11 ________ Guatemala
89%
Jenna Morasca
89%
10 ________ Palau
89%
Tom Westman
89%
9 ________ Vanuatu
89%
Vecepia Towery
89%
Amber Brkich
83%
15 ________ China
83%
Chris Daugherty
83%
4 Marquesas France (French Polynesia)
83%
17 ________ Gabon
83%
7 Pearl Islands Panama
83%
12 ________ Panama
83%
Bob Crowley
78%
18 Tocantins Brazil
78%
31 ________ (Second Chance) Cambodia
78%
32 Kaôh Rōng Cambodia
78%
Danni Boatwright
78%
14 ________ Fiji
78%
33 Millennials vs. Gen X Fiji
78%
J.T. Thomas
78%
1 Borneo Malaysia
78%
16 ________(Fans vs. Favorite) Micronesia
78%
21 ________ Nicaragua
78%
8 All-Stars Panama
78%
Parvati Shallow
78%
25 ________ Philippines
78%
19 ________ Samoa
78%
20 Heroes vs. Villains Samoa
78%
Sandra Diaz-Twine
78%
Aras Baskauskas
72%
Chris Underwood
72%
Earl Cole
72%
John Cochran
72%
Jud 'Fabio' Birza
72%
Michele Fitzgerald
72%
Natalie White
72%
26 Caramoan(Fans vs. Favorites II) Philippines
72%
27 Blood vs. Water Philippines
72%
28 Cagayan (Brain vs. Beauty vs. Brawn) Philippines
72%
Sarah Lacina
72%
Todd Herzog
72%
Tony Vlachos
72%
Tony Vlachos
72%
Yul Kwon
72%
Adam Klein
67%
Ben Driebergen
67%
‘Boston’ Rob Mariano
67%
Denise Stapley
67%
Erika Casupanan
67%
Jeremy Collins
67%
Kim Spradlin
67%
Mike Holloway
67%
Natalie Anderson
67%
Nick Wilson
67%
Tommy Sheehan
67%
Tyson Apostol
67%
Wendell Holland
67%
Maryanne Oketch
61%
22 Redemption Island Nicaragua
61%
29 San Juan del Sur (Blood vs. Water II) Nicaragua
61%
Sophie Clarke
61%
30 Worlds Apart (White collar vs. Blue collar vs. No collar) Nicaragua
56%
23 South Pacific Samoa
56%
24 One World Samoa
56%
13 Cook Islands(Race War) New Zealand
50%
No matching quizzes found
Score Distribution
Percent of People with Each Score
Percentile by Number Answered
Your Score History
You have not taken this quiz since the last reset